Teruja Cinta Maori di Wainuoimata : (Record no. 195212)

MARC details
000 -LEADER
fixed length control field 01136nam a2200289 i 4500
003 - CONTROL NUMBER IDENTIFIER
control field OSt
005 - DATE AND TIME OF LATEST TRANSACTION
control field 20240303104649.0
008 - FIXED-LENGTH DATA ELEMENTS--GENERAL INFORMATION
fixed length control field 230511s2023 my b g 000 f may d
020 ## - INTERNATIONAL STANDARD BOOK NUMBER
International Standard Book Number 9789672680949
Terms of availability RM45.00
Qualifying information paperback
040 ## - CATALOGING SOURCE
Original cataloging agency PPAK
Language of cataloging eng
Transcribing agency PPAK
Description conventions rda
082 04 - DEWEY DECIMAL CLASSIFICATION NUMBER
Edition number 23
Classification number 899.2333
090 00 - LOCALLY ASSIGNED LC-TYPE CALL NUMBER (OCLC); LOCAL CALL NUMBER (RLIN)
Classification number (OCLC) (R) ; Classification number, CALL (RLIN) (NR) 899.2333
Feature heading MOH
Feature heading G
100 0# - MAIN ENTRY--PERSONAL NAME
Personal name Mohd. Fudzail Mohd. Nor,
Dates associated with a name 1964-
Relator term author.
245 10 - TITLE STATEMENT
Title Teruja Cinta Maori di Wainuoimata :
Remainder of title Menelan Cabaran & Menggenggam Kejayaan di Perantauan /
Statement of responsibility, etc. Sebuah travelog oleh MOHD FUDZAIL MOHD NOR ; Selenggara & Suntingan : Artchetak
264 #1 - PRODUCTION, PUBLICATION, DISTRIBUTION, MANUFACTURE, AND COPYRIGHT NOTICE
Place of production, publication, distribution, manufacture Kelana Jaya, Selangor :
Name of producer, publisher, distributor, manufacturer FUDZAIL PUBLICATION,
Date of production, publication, distribution, manufacture, or copyright notice [2023?]
300 ## - PHYSICAL DESCRIPTION
Extent vii, 427 pages :
Other physical details maps ;
Dimensions 21 cm
336 ## - CONTENT TYPE
Content type term text
Source rdacontent
337 ## - MEDIA TYPE
Media type term unmediated
Source rdamedia
338 ## - CARRIER TYPE
Carrier type term volume
Source rdacarrier
490 1# - SERIES STATEMENT
Series statement TRILOGI LEGASI ANAK FELDA KERATONG ;
Volume/sequential designation 1
650 10 - SUBJECT ADDED ENTRY--TOPICAL TERM
Topical term or geographic name entry element Travelers' writings, Malaysian
Form subdivision Fiction
Topical term or geographic name entry element Travel writing
Form subdivision Fiction
651 #0 - SUBJECT ADDED ENTRY--GEOGRAPHIC NAME
Geographic name New Zealand
Form subdivision Description and travel
700 0# - ADDED ENTRY--PERSONAL NAME
Personal name Artchetak,
Relator term editor,
-- compiler.
830 #0 - SERIES ADDED ENTRY--UNIFORM TITLE
Uniform title Trilogi legasi anak Felda Keratong ;
Number of part/section of a work 1
942 ## - ADDED ENTRY ELEMENTS (KOHA)
Source of classification or shelving scheme Dewey Decimal Classification
Koha item type Book
Holdings
Withdrawn Not for loan Current library Shelving location Date acquired Total Checkouts Full call number Barcode Date last seen Date last checked out Koha item type
    Perpustakaan Alor Setar Pinjaman Dewasa 06/03/2024 1 899.2333 MOH A01820108 16/04/2025 23/02/2025 Book
    Perpustakaan Awam Sungai Petani Pinjaman Dewasa 06/03/2024 1 899.2333 MOH A01820109 27/05/2024 11/05/2024 Book
    Perpustakaan Baling Pinjaman Dewasa 06/03/2024   899.2333 MOH A01820113 06/03/2024   Book
    Perpustakaan Bandar Baharu Pinjaman Dewasa 06/03/2024   899.2333 MOH A01820114 06/03/2024   Book
    Perpustakaan Jitra Pinjaman Dewasa 06/03/2024   899.2333 MOH A01820110 06/03/2024   Book
    Perpustakaan Kuala Nerang Pinjaman Dewasa 06/03/2024   899.2333 MOH A01820118 06/03/2024   Book
    Perpustakaan Kulim Pinjaman Dewasa 06/03/2024   899.2333 MOH A01820112 06/03/2024   Book
    Perpustakaan Langkawi Pinjaman Dewasa 06/03/2024 1 899.2333 MOH A01820111 27/06/2024 26/05/2024 Book
    Perpustakaan Merbok Pinjaman Dewasa 06/03/2024   899.2333 MOH A01820115 06/03/2024   Book
    Perpustakaan Pendang Pinjaman Dewasa 06/03/2024   899.2333 MOH A01820119 06/03/2024   Book
    Perpustakaan Sik Pinjaman Dewasa 06/03/2024 1 899.2333 MOH A01820117 26/05/2024 06/05/2024 Book
    Perpustakaan Yan Pinjaman Dewasa 06/03/2024   899.2333 MOH A01820116 06/03/2024   Book